Cities by Correct Country - Statistics

General Stats
  • This quiz has been taken 41 times
    36 since last reset
  • The average score is 131 of 144
Answer Stats
Question Tile Select % Correct
India Colombo No
100%
India New Delhi Yes
100%
Türkiye Ankara Yes
97%
South Africa Antwerp No
97%
China Beijing Yes
97%
United Kingdom Bergen No
97%
United Kingdom Birmingham Yes
97%
France Bordeaux Yes
97%
Brazil Brasilia Yes
97%
Poland Budapest No
97%
Brazil Buenos Aires No
97%
South Africa Cape Town Yes
97%
United States of America Chicago Yes
97%
United Kingdom Copenhagen No
97%
Türkiye Damascus No
97%
India Dhaka No
97%
Germany Frankfurt Yes
97%
United States of America Houston Yes
97%
Türkiye Istanbul Yes
97%
South Africa Johannesburg Yes
97%
Russia Kyiv No
97%
United Kingdom Lillehammer No
97%
Italy Lima No
97%
Brazil Lisbon No
97%
United Kingdom London Yes
97%
France Lyon Yes
97%
United Kingdom Manchester Yes
97%
France Marseille Yes
97%
Australia Melbourne Yes
97%
Mexico Mexico City Yes
97%
Italy Milan Yes
97%
Russia Minsk No
97%
Russia Moscow Yes
97%
Germany Munich Yes
97%
Italy Naples Yes
97%
United States of America New York City Yes
97%
Türkiye Nicosia No
97%
Poland Odessa No
97%
Japan Osaka Yes
97%
United States of America Ottawa No
97%
China Phnom Penh No
97%
Germany Pittsburgh No
97%
Philippines Port of Spain No
97%
Brazil Rio de Janeiro Yes
97%
Brazil Sao Paulo Yes
97%
China Shanghai Yes
97%
Australia Sydney Yes
97%
Japan Tokyo Yes
97%
Italy Valletta No
97%
Italy Venice Yes
97%
Poland Warsaw Yes
97%
China Wuhan Yes
97%
Germany Zürich No
97%
India Bangalore Yes
94%
France Barcelona No
94%
Brazil Belmopan No
94%
Germany Berlin Yes
94%
South Africa Canberra No
94%
United Kingdom Cardiff Yes
94%
Philippines Casablanca No
94%
United States of America Christchurch No
94%
France Cologne No
94%
United States of America Dallas Yes
94%
Australia Edinburgh No
94%
Italy Florence Yes
94%
France Geneva No
94%
Mexico Guadalajara Yes
94%
China Guangzhou Yes
94%
Germany Hamburg Yes
94%
United States of America Havana No
94%
Philippines Jakarta No
94%
Poland Kraków Yes
94%
Japan Kyoto Yes
94%
France Libreville No
94%
Philippines Manila Yes
94%
Australia Perth Yes
94%
South Africa Pretoria Yes
94%
China Pyongyang No
94%
Mexico San Salvador No
94%
Russia St. Petersburg Yes
94%
Italy Turin Yes
94%
Australia Wellington No
94%
Poland Wrocław Yes
94%
China Xian Yes
94%
Poland Zagreb No
94%
Türkiye Asmara No
92%
Germany Bern No
92%
Australia Brisbane Yes
92%
Japan Busan No
92%
Italy Genoa Yes
92%
Philippines Lagos No
92%
Brazil Paramaribo No
92%
India Samarkand No
92%
United States of America San Diego Yes
92%
Mexico Tijuana Yes
92%
Italy Verona Yes
92%
Türkiye Astana No
89%
Australia Auckland No
89%
South Africa Bloemfontein Yes
89%
Poland Cluj-Napoca No
89%
South Africa Denpasar No
89%
Mexico El Paso No
89%
Poland Gdańsk Yes
89%
Germany Innsbruck No
89%
India Karachi No
89%
Russia Kharkiv No
89%
France Orléans Yes
89%
United Kingdom Whitehorse No
89%
South Africa Windhoek No
89%
China Chengdu Yes
86%
Türkiye İzmir Yes
86%
Russia Nizhny Novgorod Yes
86%
United Kingdom Rotterdam No
86%
Mexico Santa Fe No
86%
China Xiamen Yes
86%
Türkiye Antalya Yes
83%
Philippines Cebu City Yes
83%
Mexico Ciudad de Juarrez Yes
83%
South Africa Durban Yes
83%
Russia Krasnoyarsk Yes
83%
France Lille Yes
83%
United States of America San Antonio Yes
83%
Russia Yekaterinburg Yes
83%
Poland Brașov No
81%
Philippines Davao Yes
81%
Japan Fukuoka Yes
81%
Japan Honiara No
81%
Philippines Managua No
81%
Mexico Monterrey Yes
81%
Brazil Porto Novo No
81%
Philippines Quezon City Yes
81%
India Chennai Yes
78%
Australia Darwin Yes
78%
Germany Gothenberg No
78%
India Hyderabad Yes
78%
Japan Sapporo Yes
78%
India Lahore No
75%
Japan Nagoya Yes
75%
Brazil Manaus Yes
72%
Russia Chelyabinsk Yes
69%
Australia Hobart Yes
64%
Türkiye Cappadocia Yes
50%
Mexico Merida Yes
50%
Japan Saitama Yes
36%
No matching quizzes found
Score Distribution
Percent of People with Each Score
Percentile by Number Answered
Your Score History
You have not taken this quiz since the last reset